International Corporate Finanace (Record no. 2552)
[ view plain ]
| 000 -LEADER | |
|---|---|
| fixed length control field | 01207phm a2200205 a 4500 |
| 020 ## - INTERNATIONAL STANDARD BOOK NUMBER | |
| ISBN | 9780071325868 |
| 022 ## - INTERNATIONAL STANDARD SERIAL NUMBER | |
| ISSN | 0071325867 |
| 050 ## - CALL NUMBER | |
| Classification number | HG4027.5.R53 |
| 100 ## - AUTHOR | |
| Personal name | Ashok J Robin |
| 245 ## - TITLE | |
| Title | International Corporate Finanace |
| Statement of responsibility, etc | Ashok J Robin |
| 250 ## - EDITION | |
| Edition statement | International Edition |
| 260 ## - PUBLICATION INFORMATION | |
| Place of publication | New York |
| Name of publisher | : McGraw-Hill |
| Year of publication | 2011 |
| 300 ## - DESCRIPTION | |
| Number of Pages | 440 p |
| Other physical details | XIX, . : fig. ; 28 cm |
| 440 ## - SERIES | |
| SERIES | McGraw-Hill/Irwin series in finance, insurance, and real estate |
| 500 ## - NOTES | |
| General note | includes index |
| 505 ## - FORMATTED CONTENTS NOTE | |
| Table of Content | Chapter 1: Introduction Chapter 2: International Financial Markets: Structure and Innovation Chapter 3: Currency and Eurocurrency Derivatives Chapter 4: Currency Systems and Valuation Chapter 5: Currency Parity Conditions Chapter 6: Currency Risk Exposure Measurement Chapter 7: Currency Exposure Management Chapter 8: Capital Budgeting Chapter 9: Advanced Capital Budgeting Chapter 10: Long Term Financing Chapter 11: Optimizing and Financing Working Capital Chapter 12: International Alliances and Acquisitions Chapter 13: International Trade Chapter 14: International Taxation and Accounting Chapter 15: International Portfolio Investments |
| 650 ## - SUBJECTS | |
| Topical Term | Finance |
| 700 ## - OTHER AUTHORS | |
| Personal name | Robin J. ASHOK |
| 942 ## - ADDED ENTRY ELEMENTS (KOHA) | |
| Koha item type | Books |
| Withdrawn status | Lost status | Collection code | Home library | Current library | Shelving location | Date acquired | Full call number | Accession Number | Koha item type |
|---|---|---|---|---|---|---|---|---|---|
| Reference | Methodist University Library Main | Methodist University Library Main | General Stacks | 16/10/2013 | HG4027.5.R53 | 38862 | Books |